فن التميز فى خدمة العملاء / (Record no. 13932)
[ view plain ]
| 000 -الفاتح | |
|---|---|
| حقل البيانات ثابتة الطول | 00664nam a22001937a 4500 |
| 003 - محدد رقم الضبط | |
| رقم الضبط | OSt |
| 005 - وقت وتاريخ اخر تعامل مع التسجيلة | |
| رقم الضبط | 20140605131307.0 |
| 008 - عناصر البيانات ثابتة الطول - معلومات عامة | |
| حقل البيانات ثابتة الطول | 100422s2009 ua||||gr|||| 000 0 ara d |
| 040 ## - مصدر الفهرسة | |
| وكالة النسخ | lll |
| 082 04 - رقم تصنيف ديوى العشرى | |
| رقم الطبعة | 22 |
| رقم التصنيف | 658.812 |
| رقم المادة | ع ط ي |
| 100 1# - المدخل الرئيسى - إسم شخصى | |
| 9 (RLIN) | 13672 |
| الإسم الشخصى | عطيه، طاهر مرسي |
| 245 ## - بيان العنوان | |
| العنوان | فن التميز فى خدمة العملاء / |
| بيان المسئوليه,etc | طاهر مرسي عطية. |
| 260 ## - PUBLICATION, DISTRIBUTION, ETC. (IMPRINT) | |
| مكان الناشر او الموزع | القاهرة : |
| اسم الناشر او الموزع | دار النهضة العربية، |
| تاريخ النشر أو التوزيع | 2009. |
| 300 ## - الوصف المادى | |
| التعداد | 187 ص. ؛ |
| أبعاد الوعاء | 24 سم. |
| 504 ## - تبصرة ببليوجرافية | |
| تبصرة ببليوجرافية,الخ | ببليوجرافية : ص. 185-187. |
| 650 #0 - المدخل الاضافى بالموضوع-مصطلح موضوعى | |
| 9 (RLIN) | 14706 |
| مصطلح موضوعي أو اسم جغرافي كعنصر مدخل | خدمة العملاء |
| 650 #0 - المدخل الاضافى بالموضوع-مصطلح موضوعى | |
| 9 (RLIN) | 14810 |
| مصطلح موضوعي أو اسم جغرافي كعنصر مدخل | إدارة الأفراد |
| 942 ## - عناصر المدخل الإضافي( كوها) | |
| مصدر التصنيف او مخطط الترفيف | Dewey Decimal Classification |
| Koha [default] item type | Book - Borrowing |
| سابقة رقم الطلب | 658.812 ع ط ي |
| حالة التراجع | حالة الفقد | مصدر التصنيف او خطة الترفيف | حالة تلف | ليس للاعارة | مجموعات كوها | المكان الدائم | المكان الحالي | موقع الترفيف | تاريخ الاكتساب | Source of acquisition | رقم الاستدعاء | الباركود | Date last seen | مُعار | نوع الوعاء |
|---|---|---|---|---|---|---|---|---|---|---|---|---|---|---|---|
| Dewey Decimal Classification | Alef-Baa | Central Library | Central Library | First floor | 15/06/2010 | Purchase | 658.812 ع ط ى | 000020464 | 15/07/2025 | 09/06/2014 | Book - Borrowing | ||||
| Dewey Decimal Classification | Central Library | Central Library | First floor | 05/06/2014 | Purchase | 658.812 ع ط ى | 000026709 | 15/07/2025 | Book - Borrowing |